00293nam a22000977a 4500082002000000100001700020245005200037260006700089300000800156650003100164 a306.0899145 MOO aMoon, Vasant aDr. Babasaheb Ambedkar Writings and Speeches V3 aMumbai, MaharashtrabEducation and Employment Departmentc1987 a488 aB.R. Ambedkar's Philosophy